000 00386nam a2200133 4500
999 _c11994
_d11994
008 210115b ||||| |||| 00| 0 eng d
082 0 0 _a621.3815
_bG7361
100 _92214
_aGraf, Rudolf F.
245 1 0 _aThe Encyclopedia of electronic circuits /
_cby Rudolf F. Graf
260 _aNew Delhi:
_bBPB,
_c1989.
300 _aviii, 660 p.
650 0 _aElectronic Circuits
942 _2ddc
_cBK